Construyendo comunidades educativas libres de violencia /
El texto aborda la construcción de comunidades educativas libres de violencia, presentando enfoques y estrategias para promover ambientes escolares seguros y respetuosos. Las autoras, María José García Oramas, Susana Ruiz Pimentel y Sara Ruiz Vallejo, destacan la importancia de crear entornos educat...
Na minha lista:
| Autor principal: | |
|---|---|
| Outros Autores: | , |
| Formato: | Desconhecido |
| Idioma: | Spanish |
| Publicado em: |
México :
Gobierno del Estado de Veracruz de Ignacio de la LLave
|
| Assuntos: | |
| Tags: |
Adicionar Tag
Sem tags, seja o primeiro a adicionar uma tag!
|
MARC
| LEADER | 00000 a2200000 04500 | ||
|---|---|---|---|
| 001 | 47750 | ||
| 003 | cru CIDCAS/IIS | ||
| 005 | 20231010104806.0 | ||
| 008 | 050702s2010 mx spa d | ||
| 020 | |a 978-607-00-3440-4 | ||
| 040 | |c cru CIDCAS/IIS | ||
| 090 | |a 02.04.02 G216c | ||
| 100 | |a García Orams, María José | ||
| 245 | |a Construyendo comunidades educativas libres de violencia / |c María José García Oramas, Susana Ruiz Pimentel, Sara Ruiz Vallejo | ||
| 260 | |a México : |b Gobierno del Estado de Veracruz de Ignacio de la LLave | ||
| 300 | |a 197 páginas : |b tablas, gráficos | ||
| 520 | |a El texto aborda la construcción de comunidades educativas libres de violencia, presentando enfoques y estrategias para promover ambientes escolares seguros y respetuosos. Las autoras, María José García Oramas, Susana Ruiz Pimentel y Sara Ruiz Vallejo, destacan la importancia de crear entornos educativos que fomenten el diálogo, el respeto y la convivencia pacífica. Se exploran métodos para abordar la violencia en el ámbito educativo, involucrando a diferentes actores y promoviendo la participación activa de la comunidad en la prevención y erradicación de conductas violentas. El trabajo contribuye a la formulación de estrategias integrales para construir espacios educativos más seguros y armoniosos. RAR 08/2023 | ||
| 650 | 0 | |2 OCDE |9 5792 |a MEDIO ESCOLAR | |
| 650 | 0 | |2 OCDE |9 133 |a VIOLENCIA | |
| 650 | 0 | |2 OCDE |9 2527 |a PARTICIPACION COMUNITARIA | |
| 650 | 4 | |2 OCDE |9 3230 |a DIALOGO | |
| 650 | 0 | |2 UNESCO |9 10568 |a COMPETENCIAS | |
| 650 | 0 | |2 OCDE |9 4728 |a CONFLICTOS | |
| 700 | |a Ruiz Pimentel, Susana | ||
| 700 | |a Ruiz Vallejo, Sara | ||
| 942 | |2 z |c LI |h 02.04.02 G216c |i 14733 |6 020402_G216C_14733 | ||
| 999 | |c 13728 |d 13728 | ||



